| 000 | 01280nam a22003495a 4500 | ||
|---|---|---|---|
| 001 | 16021205 | ||
| 003 | EG-ScBUE | ||
| 005 | 20220321104831.0 | ||
| 008 | 091214t2010 nju f 000 1 eng d | ||
| 020 | _a9781591942160 (pbk) | ||
| 020 | _a1591942160 | ||
| 040 |
_aDLC _beng _erda _cDLC _dEG-ScBUE |
||
| 082 | 0 | 4 |
_222 _a843.7 _bDUM |
| 100 | 1 |
_aDumas, Alexandre, _d1802-1870, _eauthor. _929797 |
|
| 245 | 1 | 4 |
_aThe Count of Monte Cristo / _cAlexander Dumas ; edited by Jothi Ravindran, Martin E. Goldstein ; with an afterword by Martin E. Goldstein, Janet M. Goldstein. |
| 264 | 1 |
_aBerlin, NJ : _bTownsend Press, Inc., _c[2010] |
|
| 264 | 1 | _cc2010 | |
| 300 |
_a440 pages ; _c18 cm. |
||
| 336 |
_2rdacontent _atext _btxt |
||
| 337 |
_2rdamedia _aunmediated _bn |
||
| 338 |
_2rdacarrier _avolume _bnc |
||
| 490 | 0 | _aThe Townsend library | |
| 650 | 7 |
_929795 _aPirates _vFiction. _2BUEsh |
|
| 651 | 7 |
_929796 _aFrance _xHistory _y19th century _vFiction. _2BUEsh |
|
| 653 |
_cMay2012 _bHHUUEENN |
||
| 655 |
_vReading book _934232 |
||
| 700 | 1 |
_aRavindran, Jothi, _eeditor. |
|
| 700 | 1 |
_aGoldstein, Martin E., _d1939- _eeditor. _eauthor of introduction, etc. |
|
| 700 | 1 |
_aGoldstein, Janet M., _d1940- _eauthor of introduction, etc. |
|
| 942 |
_2ddc _cBB |
||
| 999 |
_c16704 _d16704 |
||